[Event "Benidorm 2012 - Nuevas Generaciones s12"]
[Site "Benidorm ESP"]
[Date "2012.12.05"]
[Round "1.1"]
[White "Iturralde Echeverria, Ivan"]
[Black "Perez Garcia, Alejandro"]
[Result "0-1"]
[WhiteElo "1442"]
[BlackElo "1927"]
[PlyCount "62"]
[EventDate "2012.12.05"]
[EventType "swiss"]
[EventRounds "7"]
[EventCountry "ESP"]
[Source "lmi"]
[SourceDate "2012.12.05"]

1. e4 c5 2. Nf3 Nc6 3. Nc3 g6 4. Bc4 Bg7 5. O-O e6 6. d3 Nge7 7. Be3 d5 8. Bxc5
dxc4 9. dxc4 Bxc3 10. bxc3 Qxd1 11. Rfxd1 f6 12. Rd2 b6 13. Bxe7 Kxe7 14. Rad1
Rd8 15. Nd4 Bb7 16. Rb1 e5 17. Nxc6+ Bxc6 18. Re2 Rd6 19. h3 Rad8 20. f3 Rd1+
21. Rxd1 Rxd1+ 22. Kf2 Ra1 23. g4 g5 24. Kg3 Rxa2 25. Re1 Rxc2 26. Ra1 a5 27.
Rb1 Rxc3 28. Rxb6 Bxe4 29. c5 Rxf3+ 30. Kh2 Rf2+ 31. Kg3 Rg2# 0-1

[Event "Benidorm 2012 - Nuevas Generaciones s12"]
[Site "Benidorm ESP"]
[Date "2012.12.05"]
[Round "1.2"]
[White "Munoz Pelaez, Manuel"]
[Black "Cabrera Valverde, Jose David"]
[Result "1-0"]
[WhiteElo "1818"]
[BlackElo "1438"]
[PlyCount "63"]
[EventDate "2012.12.05"]
[EventType "swiss"]
[EventRounds "7"]
[EventCountry "ESP"]
[Source "lmi"]
[SourceDate "2012.12.05"]

1. e4 c5 2. Nf3 Nc6 3. d4 cxd4 4. Nxd4 Nf6 5. Nc3 e5 6. Ndb5 d6 7. Bg5 a6 8.
Na3 b5 9. Nd5 h6 10. Bxf6 gxf6 11. Bd3 Be7 12. c3 Rg8 13. g3 Bd7 14. Nc2 Na5
15. Nce3 Nb7 16. b4 Rc8 17. Qh5 Rg6 18. f4 exf4 19. gxf4 a5 20. e5 dxe5 21.
Bxg6 fxg6 22. Qxg6+ Kf8 23. Qxh6+ Kf7 24. Rg1 Qh8 25. Qg6+ Ke6 26. fxe5 Kxe5
27. Qg3+ Ke6 28. Nf4+ Kf7 29. Qg6+ Kf8 30. Ned5 Bd8 31. Qg3 f5 32. Ng6+ 1-0

[Event "Benidorm 2012 - Nuevas Generaciones s12"]
[Site "Benidorm ESP"]
[Date "2012.12.05"]
[Round "1.3"]
[White "Guerrero Mendez, Jesus"]
[Black "Orantes Taboada, Francisco"]
[Result "0-1"]
[WhiteElo "1431"]
[BlackElo "1727"]
[PlyCount "58"]
[EventDate "2012.12.05"]
[EventType "swiss"]
[EventRounds "7"]
[EventCountry "ESP"]
[Source "lmi"]
[SourceDate "2012.12.05"]

1. e4 c5 2. Nc3 Nc6 3. g3 g6 4. Bg2 Bg7 5. d3 e5 6. Bd2 d6 7. f4 Nge7 8. Nf3
O-O 9. O-O exf4 10. gxf4 Bg4 11. Rc1 Nd4 12. Qe1 Nxf3+ 13. Bxf3 Bxf3 14. Rxf3
Qd7 15. Rb1 b5 16. Ne2 b4 17. c3 a5 18. a3 bxa3 19. bxa3 Rab8 20. c4 Nc6 21.
Rxb8 Rxb8 22. Bxa5 Nxa5 23. Qxa5 Qg4+ 24. Kf2 Qh4+ 25. Kg2 Rb2 26. Qa8+ Bf8 27.
Rf2 Qg4+ 28. Kf1 Rb1+ 29. Nc1 Rxc1# 0-1

[Event "Benidorm 2012 - Nuevas Generaciones s12"]
[Site "Benidorm ESP"]
[Date "2012.12.05"]
[Round "1.4"]
[White "Lianes Garcia, Marcos"]
[Black "Aledo Yanguas, David"]
[Result "1-0"]
[WhiteElo "1719"]
[BlackElo "1430"]
[PlyCount "59"]
[EventDate "2012.12.05"]
[EventType "swiss"]
[EventRounds "7"]
[EventCountry "ESP"]
[Source "lmi"]
[SourceDate "2012.12.05"]

1. d4 e6 2. c4 Nf6 3. Nc3 Bb4 4. Bd2 d5 5. e3 O-O 6. Nf3 Nbd7 7. cxd5 exd5 8.
Bd3 c5 9. O-O Re8 10. Rc1 c4 11. Bb1 Nb6 12. h3 Be6 13. Re1 Rc8 14. Ne5 Bd6 15.
f4 Nfd7 16. Nb5 Nxe5 17. fxe5 Be7 18. Nxa7 Ra8 19. Nb5 Qd7 20. Nc3 Bh4 21. Rf1
g5 22. Qh5 f5 23. exf6 Rec8 24. f7+ Bxf7 25. Qxh7+ Kf8 26. Rxf7+ Qxf7 27. Rf1
Qxf1+ 28. Kxf1 Rd8 29. Qh6+ Ke8 30. Qxb6 1-0

[Event "Benidorm 2012 - Nuevas Generaciones s12"]
[Site "Benidorm ESP"]
[Date "2012.12.05"]
[Round "1.5"]
[White "Guillo Longares, Cecilia"]
[Black "Zapata Caparros, Sergio"]
[Result "0-1"]
[WhiteElo "1414"]
[BlackElo "1654"]
[PlyCount "68"]
[EventDate "2012.12.05"]
[EventType "swiss"]
[EventRounds "7"]
[EventCountry "ESP"]
[Source "lmi"]
[SourceDate "2012.12.05"]

1. c4 f5 2. Nc3 Nf6 3. g3 g6 4. Bg2 Bg7 5. Nf3 O-O 6. O-O d6 7. d3 Qe8 8. Bf4
e5 9. Bd2 e4 10. dxe4 Nxe4 11. Rb1 Nf6 12. Qc1 Qf7 13. b3 Nbd7 14. Bh6 Ne5 15.
Bxg7 Qxg7 16. Nxe5 dxe5 17. Rd1 e4 18. Nd5 Be6 19. Qc2 Rad8 20. Nxf6+ Qxf6 21.
Rxd8 Rxd8 22. Rd1 c5 23. Rd2 a5 24. Qd1 Rd4 25. Rxd4 cxd4 26. Qd2 b6 27. e3 d3
28. f3 Qe5 29. Kf2 a4 30. f4 Qc5 31. b4 Qxc4 32. a3 Qb3 33. Qc1 Qc2+ 34. Qxc2
dxc2 0-1

[Event "Benidorm 2012 - Nuevas Generaciones s12"]
[Site "Benidorm ESP"]
[Date "2012.12.05"]
[Round "1.6"]
[White "Aledo Yanguas, Javier"]
[Black "Lopez Garcia, Maria Pilar"]
[Result "1-0"]
[WhiteElo "1653"]
[BlackElo "1400"]
[PlyCount "75"]
[EventDate "2012.12.05"]
[EventType "swiss"]
[EventRounds "7"]
[EventCountry "ESP"]
[Source "lmi"]
[SourceDate "2012.12.05"]

1. e4 c5 2. c3 d5 3. exd5 Qxd5 4. d4 Nc6 5. Nf3 Bg4 6. Be2 cxd4 7. cxd4 e6 8.
O-O Nf6 9. Nc3 Qd7 10. Be3 Bd6 11. h3 Bh5 12. Qb3 O-O 13. Rfd1 Rfd8 14. Rac1 a6
15. Ne5 Qe7 16. Nxc6 bxc6 17. Bxh5 Nxh5 18. Ne4 Qd7 19. Nc5 Qc7 20. Qc4 Qb6 21.
Na4 Qb5 22. Qxc6 Nf4 23. Bxf4 Bxf4 24. Rc4 Qxc6 25. Rxc6 e5 26. d5 a5 27. d6 f5
28. d7 Kf7 29. h4 Ra7 30. Nb6 Rb7 31. b3 e4 32. g3 Bh6 33. Rc8 Rxb6 34. Rxd8 e3
35. Rf8+ Kxf8 36. d8=Q+ Kf7 37. Rd7+ Ke6 38. Qe7# 1-0

[Event "Benidorm 2012 - Nuevas Generaciones s12"]
[Site "Benidorm ESP"]
[Date "2012.12.05"]
[Round "1.7"]
[White "Pujante Martinez, Rafael"]
[Black "Jimenez Lozano, Francisco Javi"]
[Result "0-1"]
[WhiteElo "1374"]
[BlackElo "1642"]
[PlyCount "59"]
[EventDate "2012.12.05"]
[EventType "swiss"]
[EventRounds "7"]
[EventCountry "ESP"]
[Source "lmi"]
[SourceDate "2012.12.05"]

1. e4 e5 2. Nf3 Nc6 3. d4 exd4 4. Nxd4 Bc5 5. Nb3 Bb6 6. Nc3 Nf6 7. Bg5 O-O 8.
Qf3 Nd4 9. Nxd4 Bxd4 10. O-O-O Bxc3 11. Qxc3 Nxe4 12. Qe3 Qxg5 13. f4 Qe7 14.
Bd3 d5 15. Bxe4 Qxe4 16. Qxe4 dxe4 17. Rd4 Re8 18. Re1 Bf5 19. Rd5 Be6 20. Rc5
f5 21. g4 g6 22. b3 Rad8 23. h3 Rd5 24. Rxd5 Bxd5 25. Rd1 Be6 26. Kd2 Rd8+ 27.
Ke2 Rxd1 28. Kxd1 fxg4 29. hxg4 Bxg4+ 30. Kd2 0-1

[Event "Benidorm 2012 - Nuevas Generaciones s12"]
[Site "Benidorm ESP"]
[Date "2012.12.05"]
[Round "1.8"]
[White "Tevar Becerra, Alvaro"]
[Black "Barkov, Ilya"]
[Result "1-0"]
[WhiteElo "1614"]
[BlackElo "1323"]
[PlyCount "82"]
[EventDate "2012.12.05"]
[EventType "swiss"]
[EventRounds "7"]
[EventCountry "ESP"]
[Source "lmi"]
[SourceDate "2012.12.05"]

1. e4 Nf6 2. Nc3 d5 3. e5 d4 4. exf6 dxc3 5. fxg7 cxd2+ 6. Qxd2 Qxd2+ 7. Bxd2
Bxg7 8. O-O-O Be6 9. Kb1 Nd7 10. Be3 Ne5 11. Be2 Nc6 12. Bb5 Bd7 13. Nf3 O-O-O
14. Rhe1 a6 15. Ba4 Ne5 16. Nxe5 Bxe5 17. Bxd7+ Rxd7 18. Rxd7 Kxd7 19. Bc5 Bd6
20. Bd4 Rg8 21. g3 Rg4 22. f4 h5 23. c4 c5 24. Bf2 f6 25. Rd1 b6 26. b4 Kc6 27.
bxc5 Bxc5 28. Bxc5 Kxc5 29. Rd5+ Kxc4 30. Rxh5 a5 31. a4 Kb4 32. Rb5+ Kxa4 33.
Rxb6 e5 34. Rxf6 exf4 35. Rxf4+ Rxf4 36. gxf4 Kb5 37. h4 Kc6 38. h5 Kd6 39. h6
Ke6 40. h7 Kf5 41. h8=Q Kxf4 1-0

[Event "Benidorm 2012 - Nuevas Generaciones s12"]
[Site "Benidorm ESP"]
[Date "2012.12.05"]
[Round "1.9"]
[White "Duller Llopis, Jouke"]
[Black "Alcaraz Moreno, Sergio"]
[Result "0-1"]
[WhiteElo "1298"]
[BlackElo "1604"]
[PlyCount "72"]
[EventDate "2012.12.05"]
[EventType "swiss"]
[EventRounds "7"]
[EventCountry "ESP"]
[Source "lmi"]
[SourceDate "2012.12.05"]

1. d4 Nf6 2. Nf3 d5 3. Bf4 Bf5 4. e3 c6 5. Bd3 Bxd3 6. Qxd3 e6 7. O-O Be7 8.
Nbd2 O-O 9. e4 Nbd7 10. e5 Ne8 11. c4 b6 12. Rac1 Nc7 13. cxd5 Nxd5 14. Bg3 Re8
15. Rxc6 Nb4 16. Qb5 a6 17. Qc4 Nxc6 18. Qxc6 Rc8 19. Qe4 Nf8 20. Qe2 b5 21. h3
Rc2 22. Rb1 Qd5 23. Qd3 Rec8 24. Nb3 Qc4 25. Qxc4 R2xc4 26. Bf4 Ra8 27. Na5 Ra4
28. Bd2 Rxa2 29. Bc3 Rc8 30. Rd1 b4 31. Rb1 bxc3 32. bxc3 Rxa5 33. Rb7 Ng6 34.
Rb3 Ra3 35. Rxa3 Bxa3 36. Kf1 Rxc3 0-1

[Event "Benidorm 2012 - Nuevas Generaciones s12"]
[Site "Benidorm ESP"]
[Date "2012.12.05"]
[Round "1.10"]
[White "Lledo, Moll Carles"]
[Black "Biedma Nunez, Pablo"]
[Result "0-1"]
[WhiteElo "1601"]
[BlackElo "1298"]
[PlyCount "70"]
[EventDate "2012.12.05"]
[EventType "swiss"]
[EventRounds "7"]
[EventCountry "ESP"]
[Source "lmi"]
[SourceDate "2012.12.05"]

1. d4 Nf6 2. c4 e6 3. Nc3 Bb4 4. Nf3 O-O 5. a3 Bxc3+ 6. bxc3 b6 7. Bg5 Bb7 8.
Qd3 d6 9. g3 Nbd7 10. Bg2 h6 11. Bxf6 Nxf6 12. O-O Re8 13. Rfd1 c5 14. e3 Qc7
15. Qc2 Rad8 16. Rab1 Be4 17. Qd2 Bxb1 18. Rxb1 d5 19. cxd5 exd5 20. Ne5 Ne4
21. Bxe4 dxe4 22. Qc2 cxd4 23. exd4 Rxd4 24. Qb3 Rdd8 25. Ng4 h5 26. Ne3 Qc8
27. Kg2 Qe6 28. Qb5 Qd7 29. Qxh5 Qe7 30. Ra1 Qf6 31. Nd5 Qf3+ 32. Qxf3 exf3+
33. Kxf3 Rxd5 34. c4 Rc5 35. Rc1 b5 0-1

[Event "Benidorm 2012 - Nuevas Generaciones s12"]
[Site "Benidorm ESP"]
[Date "2012.12.06"]
[Round "2.1"]
[White "Perez Garcia, Alejandro"]
[Black "Redondo Benavente, Ana"]
[Result "1-0"]
[WhiteElo "1927"]
[BlackElo "1528"]
[PlyCount "81"]
[EventDate "2012.12.05"]
[EventType "swiss"]
[EventRounds "7"]
[EventCountry "ESP"]
[Source "lmi"]
[SourceDate "2012.12.05"]

1. c4 e5 2. Nc3 Nc6 3. g3 g6 4. Bg2 Bg7 5. Nf3 d6 6. d3 f5 7. Bd2 Nf6 8. Rb1
O-O 9. b4 h6 10. b5 Ne7 11. O-O Kh7 12. Qc2 Qe8 13. c5 Be6 14. b6 axb6 15. cxd6
cxd6 16. Rxb6 Qd7 17. Rxb7 Qxb7 18. Ng5+ hxg5 19. Bxb7 Ra7 20. Bg2 Rc8 21. Qb2
e4 22. Qb6 Rcc7 23. Nb5 Rab7 24. Qxc7 Rxc7 25. Nxc7 Bxa2 26. Bxg5 exd3 27. exd3
Kg8 28. Ra1 Bb3 29. Ra6 Kf7 30. Rxd6 Nc8 31. Rd8 Ne7 32. Bxf6 Bxf6 33. Ra8 Bc2
34. Bd5+ Nxd5 35. Nxd5 Bxd3 36. Ra7+ Ke6 37. Nf4+ Kd6 38. Nxd3 Bd4 39. Ra6+ Kd7
40. Rxg6 Kd8 41. Rd6+ 1-0

[Event "Benidorm 2012 - Nuevas Generaciones s12"]
[Site "Benidorm ESP"]
[Date "2012.12.06"]
[Round "2.2"]
[White "Bueno Del Amo, Valentin"]
[Black "Munoz Pelaez, Manuel"]
[Result "0-1"]
[WhiteElo "1517"]
[BlackElo "1818"]
[PlyCount "90"]
[EventDate "2012.12.05"]
[EventType "swiss"]
[EventRounds "7"]
[EventCountry "ESP"]
[Source "lmi"]
[SourceDate "2012.12.05"]

1. e4 e5 2. Nf3 Nc6 3. Bb5 a6 4. Ba4 Nf6 5. O-O Nxe4 6. Re1 Nc5 7. Bxc6 dxc6 8.
Nxe5 Be6 9. d4 Nd7 10. Bf4 Nxe5 11. Bxe5 Qd7 12. Nd2 O-O-O 13. c3 f6 14. Bf4 g5
15. Be3 Bf5 16. f4 Rg8 17. fxg5 fxg5 18. Nf3 Bd6 19. Bxg5 Rdf8 20. Qd2 Bh3 21.
Ne5 Qg7 22. gxh3 Qxg5+ 23. Qxg5 Rxg5+ 24. Kh1 Bxe5 25. Rxe5 Rxe5 26. dxe5 Rf2
27. Rb1 Kd7 28. Kg1 Re2 29. a3 Ke6 30. b4 Kxe5 31. a4 Kd5 32. Rd1+ Kc4 33. Rd7
Kxc3 34. Rxc7 Kxb4 35. Rxh7 b5 36. axb5 axb5 37. h4 c5 38. h5 Re8 39. Kf2 c4
40. h6 c3 41. Rg7 c2 42. Rg1 Kb3 43. h7 Rh8 44. Ke2 Kb2 45. Kd2 Rd8+ 0-1

[Event "Benidorm 2012 - Nuevas Generaciones s12"]
[Site "Benidorm ESP"]
[Date "2012.12.06"]
[Round "2.3"]
[White "Orantes Taboada, Francisco"]
[Black "Galiana Fernandez, Adrian"]
[Result "1-0"]
[WhiteElo "1727"]
[BlackElo "1514"]
[PlyCount "103"]
[EventDate "2012.12.05"]
[EventType "swiss"]
[EventRounds "7"]
[EventCountry "ESP"]
[Source "lmi"]
[SourceDate "2012.12.05"]

1. e4 c5 2. c3 Nf6 3. e5 Nd5 4. d4 cxd4 5. cxd4 e6 6. Nf3 Nc6 7. Bc4 d6 8. O-O
Be7 9. Bxd5 exd5 10. Bf4 O-O 11. Nc3 dxe5 12. Nxe5 Nxe5 13. Bxe5 Be6 14. Qb3
Qd7 15. Rac1 Bd6 16. Bxd6 Qxd6 17. Nb5 Qb6 18. Rc3 Rac8 19. Rfc1 Rc4 20. h3
Rfc8 21. Na3 Qxb3 22. axb3 Rxc3 23. Rxc3 Rxc3 24. bxc3 a6 25. c4 dxc4 26. bxc4
Kf8 27. f4 f5 28. Kf2 Ke7 29. Ke3 Kd6 30. d5 Bd7 31. Kd4 b6 32. Nc2 a5 33. Ne1
g6 34. Nd3 h5 35. h4 Ba4 36. c5+ bxc5+ 37. Nxc5 Bb5 38. Nb7+ Kc7 39. Nxa5 Bf1
40. g3 Bb5 41. Ke5 Be8 42. Ke6 Kd8 43. d6 Bd7+ 44. Kd5 Be8 45. Nc6+ Bxc6+ 46.
Kxc6 Kc8 47. d7+ Kd8 48. Kd6 g5 49. hxg5 h4 50. g6 hxg3 51. g7 g2 52. g8=Q# 1-0

[Event "Benidorm 2012 - Nuevas Generaciones s12"]
[Site "Benidorm ESP"]
[Date "2012.12.06"]
[Round "2.4"]
[White "Laosa Ruano, Miguel"]
[Black "Lianes Garcia, Marcos"]
[Result "0-1"]
[WhiteElo "1509"]
[BlackElo "1719"]
[PlyCount "72"]
[EventDate "2012.12.05"]
[EventType "swiss"]
[EventRounds "7"]
[EventCountry "ESP"]
[Source "lmi"]
[SourceDate "2012.12.05"]

1. e4 e6 2. Qe2 d5 3. exd5 Qxd5 4. Nf3 Nf6 5. g3 Be7 6. Bg2 Qd8 7. O-O O-O 8.
Re1 Nc6 9. c3 Bd7 10. d4 Re8 11. Qc2 Bf8 12. Bg5 Be7 13. Nbd2 h6 14. Bf4 Nd5
15. Be3 Bf8 16. Nc4 Bd6 17. Nxd6 cxd6 18. Nd2 Nxe3 19. Rxe3 d5 20. Nb3 b6 21.
Bf1 Rc8 22. Bd3 Qf6 23. Qd2 a5 24. Rae1 a4 25. Na1 e5 26. Qe2 e4 27. Bc2 Ne7
28. f3 Nf5 29. fxe4 Nxe3 30. Qxe3 dxe4 31. Rf1 Qg6 32. Rf4 f5 33. g4 Qf7 34. b3
g5 35. Rf2 f4 36. Qh3 Kg7 0-1

[Event "Benidorm 2012 - Nuevas Generaciones s12"]
[Site "Benidorm ESP"]
[Date "2012.12.06"]
[Round "2.5"]
[White "Zapata Caparros, Sergio"]
[Black "De La Pena Garcia, Blanca"]
[Result "1-0"]
[WhiteElo "1654"]
[BlackElo "1503"]
[PlyCount "96"]
[EventDate "2012.12.05"]
[EventType "swiss"]
[EventRounds "7"]
[EventCountry "ESP"]
[Source "lmi"]
[SourceDate "2012.12.05"]

1. d4 d5 2. c4 e6 3. Nc3 Nf6 4. cxd5 exd5 5. Bg5 Nbd7 6. e3 c6 7. Bd3 Qa5 8.
Nf3 Ne4 9. Bxe4 dxe4 10. Ne5 Bb4 11. Qd2 f6 12. Nxd7 Qxg5 13. Nc5 Qxg2 14.
O-O-O Bxc3 15. bxc3 b6 16. Rdg1 Qf3 17. Nb3 Bh3 18. Rd1 Be6 19. Qc2 a5 20. Nd2
Qf5 21. Nxe4 Qd5 22. c4 Qd7 23. Qb3 Bf5 24. Nc3 Rb8 25. d5 Bg4 26. Rd4 Bf3 27.
Rg1 cxd5 28. Nxd5 Bxd5 29. Rxd5 Qc7 30. Qb5+ Kf8 31. Rd7 Qxh2 32. Rdxg7 Qe5 33.
Qxe5 fxe5 34. Kd2 Rd8+ 35. Kc3 Rb8 36. R1g5 h5 37. Rc7 h4 38. Rgg7 h3 39. Rh7
Rxh7 40. Rxh7 Kg8 41. Rxh3 Rf8 42. f3 Rc8 43. Kd3 Re8 44. Rh6 Rb8 45. Re6 Rf8
46. Ke4 Rb8 47. Rxe5 Rc8 48. Kd4 Rf8 1-0

[Event "Benidorm 2012 - Nuevas Generaciones s12"]
[Site "Benidorm ESP"]
[Date "2012.12.06"]
[Round "2.6"]
[White "Moreno Alcaraz, Jose Javier"]
[Black "Aledo Yanguas, Javier"]
[Result "0-1"]
[WhiteElo "1500"]
[BlackElo "1653"]
[PlyCount "104"]
[EventDate "2012.12.05"]
[EventType "swiss"]
[EventRounds "7"]
[EventCountry "ESP"]
[Source "lmi"]
[SourceDate "2012.12.05"]

1. e4 c6 2. c4 d5 3. cxd5 cxd5 4. exd5 Qxd5 5. Nc3 Qd8 6. Nf3 Nf6 7. d4 e6 8.
Be2 Nc6 9. O-O Bd6 10. Bg5 O-O 11. Ne4 Be7 12. Nxf6+ Bxf6 13. Bxf6 Qxf6 14. Rc1
Nb4 15. a3 Nd5 16. Ne5 Rd8 17. Bh5 Rf8 18. Rc2 Nf4 19. Qf3 Qf5 20. Bxf7+ Rxf7
21. Nxf7 Qxf7 22. Rfc1 Qf8 23. Rxc8 Rxc8 24. Rxc8 Nh3+ 25. Qxh3 Qxc8 26. Qc3
Qd7 27. g3 b6 28. b3 a5 29. a4 h6 30. Qc4 Kh8 31. f4 Kh7 32. Kf2 Qd6 33. f5
exf5 34. d5 g5 35. Qc6 Qb4 36. Qd7+ Kg6 37. Qe6+ Kg7 38. d6 Qd2+ 39. Qe2 Qxe2+
40. Kxe2 Kf6 41. Kd3 Ke6 42. Kc4 Kxd6 43. Kb5 f4 44. gxf4 gxf4 45. Kxb6 f3 46.
Kxa5 f2 47. b4 f1=Q 48. b5 Qf2 49. Ka6 Kc7 50. a5 Qe2 51. h4 h5 52. Ka7 Qxb5
0-1

[Event "Benidorm 2012 - Nuevas Generaciones s12"]
[Site "Benidorm ESP"]
[Date "2012.12.06"]
[Round "2.7"]
[White "Jimenez Lozano, Francisco Javi"]
[Black "Toquero Gracia, Pau"]
[Result "1-0"]
[WhiteElo "1642"]
[BlackElo "1499"]
[PlyCount "65"]
[EventDate "2012.12.05"]
[EventType "swiss"]
[EventRounds "7"]
[EventCountry "ESP"]
[Source "lmi"]
[SourceDate "2012.12.05"]

1. e4 c5 2. Nf3 Nc6 3. d4 cxd4 4. Nxd4 g6 5. Nc3 Bg7 6. Be3 Nf6 7. f3 Qb6 8.
Nf5 Qxb2 9. Nxg7+ Kf8 10. Na4 Qa3 11. c3 Kxg7 12. Bc5 Qxc5 13. Nxc5 Re8 14. Bb5
b6 15. Na6 Bxa6 16. Bxa6 Rab8 17. O-O e5 18. Bb5 Na5 19. Qa4 Red8 20. Rad1 Rb7
21. Rd3 h6 22. Rfd1 Rc7 23. c4 h5 24. h3 g5 25. g4 h4 26. Qb4 Rc5 27. Bxd7 Nxd7
28. Rxd7 Rxd7 29. Rxd7 Nc6 30. Qd2 Rxc4 31. Qxg5+ Kf8 32. Qh6+ Kg8 33. Rc7 1-0

[Event "Benidorm 2012 - Nuevas Generaciones s12"]
[Site "Benidorm ESP"]
[Date "2012.12.06"]
[Round "2.8"]
[White "Martinez, Robles Pablo Javier"]
[Black "Tevar Becerra, Alvaro"]
[Result "0-1"]
[WhiteElo "1498"]
[BlackElo "1614"]
[PlyCount "55"]
[EventDate "2012.12.05"]
[EventType "swiss"]
[EventRounds "7"]
[EventCountry "ESP"]
[Source "lmi"]
[SourceDate "2012.12.05"]

1. e4 e5 2. Nf3 Nc6 3. d4 exd4 4. Nxd4 Bc5 5. Be3 Nxd4 6. Bxd4 Bxd4 7. Qxd4 Qf6
8. c3 d6 9. Bc4 Qg5 10. f4 Qxf4 11. Qxg7 Qc1+ 12. Kf2 Qf4+ 13. Ke1 Qxe4+ 14.
Kd2 Qf4+ 15. Kc2 Qf2+ 16. Nd2 Qf6 17. Qxf6 Nxf6 18. Rhf1 Ng4 19. Rae1+ Kd8 20.
Rxf7 Ne5 21. Rg7 Rf8 22. Rg8 Rxg8 23. Bxg8 Bf5+ 24. Kc1 Nd3+ 25. Kd1 Nxe1 26.
Kxe1 Kd7 27. Bd5 c6 28. Bf3 0-1

[Event "Benidorm 2012 - Nuevas Generaciones s12"]
[Site "Benidorm ESP"]
[Date "2012.12.06"]
[Round "2.9"]
[White "Alcaraz Moreno, Sergio"]
[Black "Martin Cabrerizo, Francisco Da"]
[Result "0-1"]
[WhiteElo "1604"]
[BlackElo "1496"]
[PlyCount "82"]
[EventDate "2012.12.05"]
[EventType "swiss"]
[EventRounds "7"]
[EventCountry "ESP"]
[Source "lmi"]
[SourceDate "2012.12.05"]

1. d4 d5 2. Nf3 Nf6 3. Bf4 Bf5 4. e3 e6 5. Bd3 Ne4 6. O-O Bd6 7. c3 Nd7 8. Qc2
Qe7 9. c4 c6 10. Bxd6 Nxd6 11. cxd5 Bxd3 12. Qxd3 cxd5 13. Nbd2 O-O 14. Rac1
Rac8 15. Rc3 Rxc3 16. bxc3 Rc8 17. Rc1 Nc4 18. Nxc4 Rxc4 19. Nd2 Qa3 20. Rc2
Rc8 21. Qb5 Nb6 22. Qb3 Qxb3 23. axb3 Kf8 24. Kf1 a5 25. Ke2 a4 26. bxa4 Nxa4
27. c4 dxc4 28. Rxc4 Rxc4 29. Nxc4 Ke7 30. Kd3 b5 31. Na3 b4 32. Nb5 b3 33. Nc3
Nb2+ 34. Kd2 Nc4+ 35. Kc1 Kd7 36. Nb1 Kc6 37. Kd1 Kb5 38. Ke2 Kb4 39. Kd3 Na3
40. Nd2 b2 41. Ke4 Kc3 0-1

[Event "Benidorm 2012 - Nuevas Generaciones s12"]
[Site "Benidorm ESP"]
[Date "2012.12.06"]
[Round "2.10"]
[White "Cabrera Valverde, Cristina"]
[Black "Herreros Ruiz, Jorge Alejandro"]
[Result "1-0"]
[WhiteElo "1599"]
[BlackElo "1466"]
[PlyCount "51"]
[EventDate "2012.12.05"]
[EventType "swiss"]
[EventRounds "7"]
[EventCountry "ESP"]
[Source "lmi"]
[SourceDate "2012.12.05"]

1. e4 c6 2. d4 d5 3. Nc3 dxe4 4. Nxe4 Bf5 5. Ng3 Bg6 6. Nf3 h6 7. h4 e6 8. h5
Bh7 9. Bd3 Bxd3 10. Qxd3 Bd6 11. Be3 Nf6 12. O-O-O Qa5 13. Kb1 Nbd7 14. Rde1
Bxg3 15. fxg3 Nxh5 16. Bd2 Qd5 17. c4 Qd6 18. Rxh5 Qxg3 19. Rhh1 Nf6 20. Qe2
Qd6 21. Qe5 Qd8 22. Bb4 a5 23. Ba3 Rb8 24. Ng5 Qc8 25. Qd6 Qd8 26. Rxe6+ 1-0

[Event "Benidorm 2012 - Nuevas Generaciones s12"]
[Site "Benidorm ESP"]
[Date "2012.12.06"]
[Round "3.1"]
[White "Tevar Becerra, Alvaro"]
[Black "Perez Garcia, Alejandro"]
[Result "0-1"]
[WhiteElo "1614"]
[BlackElo "1927"]
[PlyCount "82"]
[EventDate "2012.12.05"]
[EventType "swiss"]
[EventRounds "7"]
[EventCountry "ESP"]
[Source "lmi"]
[SourceDate "2012.12.05"]

1. e4 c5 2. Nf3 Nc6 3. Bb5 g6 4. Bxc6 dxc6 5. O-O Bg7 6. Re1 e5 7. h3 Qe7 8. c3
Nf6 9. d4 cxd4 10. cxd4 exd4 11. Qxd4 O-O 12. Bg5 h6 13. Bh4 g5 14. Bg3 Nh5 15.
Be5 Rd8 16. Qc3 Bxe5 17. Qxe5 Qxe5 18. Nxe5 Be6 19. Nc3 f6 20. Nf3 Rd3 21. Rad1
Rad8 22. a3 Nf4 23. Rxd3 Rxd3 24. Rd1 Nxh3+ 25. gxh3 Rxf3 26. Rd8+ Kf7 27. Rb8
b5 28. Rb7+ Kg6 29. Rxa7 Rxh3 30. Rc7 Bg4 31. Kg2 h5 32. Rxc6 h4 33. e5 Bf3+
34. Kxh3 Bxc6 35. exf6 Kxf6 36. Nd1 Kf5 37. b3 Kf4 38. Nc3 Kf3 39. a4 bxa4 40.
bxa4 Kxf2 41. Nb5 Bg2+ 0-1

[Event "Benidorm 2012 - Nuevas Generaciones s12"]
[Site "Benidorm ESP"]
[Date "2012.12.06"]
[Round "3.2"]
[White "Munoz Pelaez, Manuel"]
[Black "Cabrera Valverde, Cristina"]
[Result "1/2-1/2"]
[WhiteElo "1818"]
[BlackElo "1599"]
[PlyCount "110"]
[EventDate "2012.12.05"]
[EventType "swiss"]
[EventRounds "7"]
[EventCountry "ESP"]
[Source "lmi"]
[SourceDate "2012.12.05"]

1. e4 Nf6 2. Nc3 d5 3. exd5 Nxd5 4. Nf3 Bg4 5. Be2 e6 6. O-O Bd6 7. Nxd5 exd5
8. d4 O-O 9. Re1 c6 10. h3 Bf5 11. Bd3 Bxd3 12. Qxd3 Nd7 13. c3 Qc7 14. Be3 Nf6
15. b3 Rfe8 16. c4 Qd7 17. c5 Bc7 18. b4 a5 19. b5 cxb5 20. Reb1 b4 21. a3 bxa3
22. Rxb7 Bh2+ 23. Kxh2 Qxb7 24. Ne5 Qc7 25. g3 Nd7 26. Bf4 Nxe5 27. Bxe5 Qe7
28. Qb3 f6 29. Qxd5+ Qe6 30. Qxe6+ Rxe6 31. Bf4 Re2 32. Rxa3 Rxf2+ 33. Kg1 Rc2
34. Bd6 a4 35. Bf4 g5 36. Bc7 Rd2 37. Bd6 Rxd4 38. Kf2 Rb4 39. Ke3 Rb3+ 40.
Rxb3 axb3 41. Kd3 Kf7 42. Kc3 b2 43. Kxb2 Ke6 44. Kc3 Rd8 45. Kd4 Rxd6+ 46.
cxd6 Kxd6 47. g4 h6 48. Ke4 Ke6 49. Kd4 f5 50. gxf5+ Kxf5 51. Ke3 h5 52. Kf3
Ke5 53. Ke3 Kd5 54. Kd3 h4 55. Ke3 Ke5 1/2-1/2

[Event "Benidorm 2012 - Nuevas Generaciones s12"]
[Site "Benidorm ESP"]
[Date "2012.12.06"]
[Round "3.3"]
[White "Martinez Fernandez, Adrian"]
[Black "Orantes Taboada, Francisco"]
[Result "0-1"]
[WhiteElo "1588"]
[BlackElo "1727"]
[PlyCount "84"]
[EventDate "2012.12.05"]
[EventType "swiss"]
[EventRounds "7"]
[EventCountry "ESP"]
[Source "lmi"]
[SourceDate "2012.12.05"]

1. e4 c5 2. Nf3 Nc6 3. Bb5 g6 4. Bxc6 dxc6 5. h3 Bg7 6. O-O Nf6 7. Nc3 O-O 8.
d3 b5 9. Be3 Nd7 10. Qd2 a5 11. Bh6 Qc7 12. Bf4 Ne5 13. Bxe5 Bxe5 14. Nxe5 Qxe5
15. f4 Qd4+ 16. Qf2 Rd8 17. Qxd4 cxd4 18. Ne2 Ba6 19. f5 c5 20. fxg6 hxg6 21.
Rad1 Ra7 22. Rf2 Rad7 23. Rdf1 e6 24. Rd1 c4 25. a3 cxd3 26. cxd3 Rc7 27. b4 a4
28. Rff1 Rc2 29. Kf2 e5 30. Rc1 Rdc8 31. Rxc2 Rxc2 32. Rc1 Rxc1 33. Nxc1 f6 34.
g4 Bc8 35. Kf3 Kf7 36. Ne2 f5 37. Nc1 fxg4+ 38. hxg4 Kf6 39. Ne2 Kg5 40. Nxd4
exd4 41. e5 Bb7+ 42. Kg3 Bd5 0-1